00318nam a2200109Ia 4500008004100000245006900041260004900110260000900159300001000168500001400178650001600192170224s9999 xx 000 0 und d aMaterialism across the life span: An age-period-cohort analysis. bJournal of Personality and Social Psychology c2016 a111:3 aSeptember xPsychology.